The lesser of two evils? Explaining Chinese rural migrant workers’ preference for on-demand food delivery work with reference to the legal framework (Record no. 529845)

000 -LEADER
fixed length control field 01690nam a22001457a 4500
008 - FIXED-LENGTH DATA ELEMENTS--GENERAL INFORMATION
fixed length control field 250509b ||||| |||| 00| 0 eng d
100 ## - MAIN ENTRY--PERSONAL NAME
Personal name Lin, Ou
245 ## - TITLE STATEMENT
Title The lesser of two evils? Explaining Chinese rural migrant workers’ preference for on-demand food delivery work with reference to the legal framework
260 ## - PUBLICATION, DISTRIBUTION, ETC. (IMPRINT)
Place of publication, distribution, etc Social & Legal Studies
300 ## - PHYSICAL DESCRIPTION
Extent 34(1), Feb, 2025: p.3-21
520 ## - SUMMARY, ETC.
Summary, etc Drawing on a series of interviews with on-demand food delivery riders, who are rural migrant workers, this paper seeks to explain the workers’ decision to give up stable jobs in factories in favour of largely unregulated and precarious on-demand work. Focusing on those aspects of the legal framework which shape workers’ decisions, it presents the explanation under the dual banners of ‘income’ and ‘freedom and flexibility’. In terms of income, Chinese law often enables low factory wages and a reliance on overtime; migrant workers view social insurance contributions as a loss; issues with payroll and wage arrears are significant. In terms of freedom and flexibility, insufficient rest rights lead to inadequate breaks for assembly line workers and, compounded by unspecified ‘special working time’ permit physically unbearable shifts without extra compensation. Age and gender discrimination are prevalent both in factories and various sectors. In contrast, on-demand delivery work has relatively low barriers to entry.- Reproduced

https://journals.sagepub.com/doi/full/10.1177/09646639241247292
650 ## - SUBJECT ADDED ENTRY--TOPICAL TERM
Topical term or geographic name as entry element On-demand work, Migrant works, Labour law, Income, Freedom and flexibility.
9 (RLIN) 52954
773 ## - HOST ITEM ENTRY
Main entry heading Social & Legal Studies
942 ## - ADDED ENTRY ELEMENTS (KOHA)
Item type Articles
Holdings
Withdrawn status Lost status Source of classification or shelving scheme Damaged status Not for loan Permanent location Current location Date acquired Serial Enumeration / chronology Barcode Date last seen Koha item type
          Indian Institute of Public Administration Indian Institute of Public Administration 2025-05-09 34(1), Feb, 2025: p.3-21 AR135685 2025-05-09 Articles

Powered by Koha